Countries That Dislike U.S. The Most - Statistics

General Stats
  • This quiz has been taken 114 times
  • The average score is 4 of 10
Answer Stats
Disapproval Rating Country % Correct
82% Russia
95%
61% Iran
87%
65% Pakistan
65%
69% Belarus
54%
58% Egypt
36%
66% Lebanon
30%
72% Palestine
30%
55% Austria
15%
54% Slovenia
12%
54% Tajikistan
11%
No matching quizzes found
Score Distribution
Percent of People with Each Score
Percentile by Number Answered
Your Score History
You have not taken this quiz